000 01127cam a2200241 i 4500
005 20260119095120.0
008 250721s2017 le gr 000 0 ara d
020 _a9789953828145
082 1 4 _a327.174
_bم ر ك
110 2 _aمركز دراسات الوحدة العربية.
245 1 2 _aالتسلح ونزع السلاح والأمن الدولي /
_cمركز دراسات الوحدة العربية، معهد ستوكهلم لأبحاث السلام الدولي ؛ فريق الترجمة عمر سعيد الأيوبي، أمين سعيد الأيوبي.
250 _aالطبعة الأولى.
264 3 1 _aبيروت :
_bمركز دراسات الوحدة العربية،
_c2017.
300 _a864 صفحة.
650 1 7 _aنزع الاسلحة.
650 1 7 _aالامن الدولي.
650 1 7 _aمنع الحروب.
700 1 _aالأيوبي، عمر سعيد
_eمترجم.
700 1 _aالأيوبي، أمين سعيد
_eمترجم.
710 2 _aمعهد ستوكهلم لأبحاث السلام الدولي.
_eمعد.
942 _2ddc
_cBK
999 _c139394
_d139394